|
|
|
|
| LEADER |
00664naa a2200181 i 4500 |
| 001 |
acta18638 |
| 005 |
20221108133729.0 |
| 008 |
161015s1985 hu o 1|| hun d |
| 022 |
|
|
|a 0237-7713
|
| 040 |
|
|
|a SZTE Egyetemi Kiadványok Repozitórium
|b hun
|
| 041 |
|
|
|a hun
|
| 100 |
1 |
|
|a Ruff Mihály
|
| 245 |
1 |
2 |
|a A magyar orvosértelmiség 1945 utáni politikai történetéhez
|h [elektronikus dokumentum] /
|c Ruff Mihály
|
| 260 |
|
|
|c 1985
|
| 300 |
|
|
|a 401-407
|
| 490 |
0 |
|
|a Társadalom, tudomány, egészségügy
|v 1
|
| 695 |
|
|
|a Történelemtudomány, Magyarország történelme
|
| 856 |
4 |
0 |
|u http://acta.bibl.u-szeged.hu/18638/1/tars_tud_eu_1985_401-407.pdf
|z Dokumentum-elérés
|